000 00663nam a2200241Ia 4500
003 OSt
005 20220918203021.0
006 a|||||r|||| 00| 0
007 ta
008 220917b |||||||| |||| 00| 0 eng d
024 _a105,499
037 _cTextual
040 _aARTS
_cARTS
_beng
041 _2eng
_aeng
082 _aV3.M22<-M15, L5
100 _aCookson J E
_9106388
245 0 _aLord Liverpool's adminsitration
_b The crucial years 1815-1822
260 _aLondon
_bArchon Books UK
_c1975
300 _axiii, 422p.
_ccm.
650 _aHISTORY
942 _hV3.M22<-M15, L5
_cTEXL
_2CC
999 _c228858
_d228858